Films en images - K - Statistiques

Statistiques générales
  • Ce quiz a été pris 283 fois
  • Le résultat moyen est 6 sur 16
Statistiques - réponses
Par images Réponse % Correct
Kill Bill
94%
King Kong
93%
Karaté Kid
89%
Kingsman
73%
Kaamelott
57%
Kick-Ass
53%
The Kissing Booth
37%
Le Kid
36%
Killers of the Flower Moon
25%
Knock Knock
16%
Kaboom
2%
Killer Joe
2%
King of California
1%
Krach
1%
Kung Fu Nanny
1%
The Kings of Summer
1%
Aucun quiz correspondant
Distribution des résultats
% des personnes avec chaque résultat
Percentile par nombre de réponses
Votre historique - résultats
Vous n’avez pas pris ce quiz